000
00300nam a2200133Ia 4500
008
230312s9999||||xx |||||||||||||| ||und||
082
_a
891.4
_b
QAS-N
100
_a
Qasmi, Nadeem Ahmamd
245
0
_a
Nadeem ki Ghazlain
260
_b
SangeMeel
300
_a
1415
650
_a
Literature
942
_c
BK
999
_c
8681
_d
8681